Clic Qui joue dans ce film Palme d'or à Cannes de 1976 à 1999 - Statistiques

Statistiques générales
  • Ce quiz a été pris 32 fois
  • Le résultat moyen est 17 sur 29
Statistiques - réponses
Hint Extra Hint Réponse % Correct
1999 - Rosetta Belgique Émilie Dequenne
96%
1987 - Sous le soleil de Satan France Gérard Depardieu
96%
1976 - Taxi Drivers Etats-Unis Robert De Niro
96%
1990 - Sailor et Lula Etats-Unis Nicolas Cage
93%
1994 - Pulp Fiction Etats-Unis John Travolta
89%
1991 - Barton Fink Etats-Unis John Turturro
89%
1979 - Apocalypse now Etats-Unis Martin Sheen
85%
1989 - Sexe, Mensonges et Vidéo Etats-Unis Andie MacDowell
81%
1993 - La leçon de piano Nouvelle-Zélande Holly Hunter
74%
1986 - Mission Royaume-Uni Jeremy Irons
70%
1984 - Paris, Texas RFA Nastassja Kinski
70%
1982 - Yol, la permission Turquie Tarık Akan
67%
1978 - L'arbre aux sabots Italie Luigi Ornaghi
63%
1997 - Le goût de la cerise Iran Homayun Ershadi
59%
1996 - Secrets et Mensonges Royaume-Uni Brenda Blethyn
56%
1982 - Missing Etats-Unis Jack Lemmon
56%
1985 - Papa est en voyage d'affaires Yougoslavie Miki Manojlović
56%
1981 - L'homme de fer Pologne Jerzy Radziwilowicz
52%
1997 - L'Anguille Japon Kōji Yakusho
52%
1993 - Adieu ma concubine Chine Leslie Cheung
48%
1988 - Pelle le Conquérant Danemark Max von Sydow
41%
1992 - Les Meilleures Intentions Suède Samuel Fröler
41%
1995 - Underground Yougoslavie Lazar Ristovski
37%
1977 - Padre padrone Italie Omero Antonutti
37%
1980 - Kagemusha, l'ombre du guerrier Japon Tatsuya Nakadai
37%
1980 - Que le spectacle commence Etats-Unis Jessica Lange
30%
1998 - L'éternité et un jour Grèce Bruno Ganz
26%
1983 - La ballade de Narayama Japon Ken Ogata
26%
1979 - Le Tambour RFA Charles Aznavour
11%
Aucun quiz correspondant
Distribution des résultats
% des personnes avec chaque résultat
Percentile par nombre de réponses
Votre historique - résultats
Vous n’avez pas pris ce quiz